| 000 | 00666nam a22001937a 4500 | ||
|---|---|---|---|
| 999 |
_c16385 _d16385 |
||
| 003 | AR-CdUCM | ||
| 008 | 190503b ||||| |||| 00| 0 spa d | ||
| 040 |
_aMUNICIPALIDAD PROVINCIAL DEL CUSCO _cBIBLIOTECA MUNICIPAL DEL CUSCO |
||
| 082 |
_a370.82 / _bF92 |
||
| 100 |
_aFlorian, Mario _914609 |
||
| 245 | _aLa biblioteca básica escolar / | ||
| 260 |
_aLima : _bMinisterio de Educación publica, _c1961. |
||
| 300 |
_a52 paginas ; _c25 cm. |
||
| 505 | _aContenido :La biblioteca de la escuela --Triptico poético / | ||
| 650 |
_aBibliotecas escolares _935806 |
||
| 650 |
_aPoesías infantiles peruanas _95425 |
||
| 942 |
_2ddc _cLIBROS |
||
| 945 |
_arjall _d2019-05-03 |
||